1638 1233 1906 1766 1047 1470 1037 1549 1629 1056 1593 1304 1845 1076 1469 1769 1033 1484 1573 1773 1368 1337 1753 1761 1247 1600 1050 1994 1823 1884 1061 1400 1656 1033 1133 1850 1049 1907 1072 1183 1485 1161 1689 1431 1225 1805 1969 1381 1087 1853 1220 1722 1890 1072 1296 1282 1039 1317 1599 1240 1063 1111 1249 1656 1907 1557 1210 1398 1908 1062 1726 1985 1789 1494 1050 1212 1779 1145 1816 1364 1309 1850 1201 1620 1717 1313 1027 1208 1600 1204 1436 1764 1739 1243 1710 1276 1530 1539 1373 BCNSPRNW ULIB Ver.6.0+V

เปลี่ยนเป็นภาษาไทย

Change to English
 แสดงรายละเอียดบรรณานุกรม
  กลับหน้าหลัก

Brief Record : Get Marc (ISO 2709) : E-mail record : QR code < ปิดหน้าต่าง
LEADER : 00000nam 2200000uu 4500
001    13399113158
003     ULIB
008    110928s2550||||th 000 0 tha d
020    9789744896650
050 04 QA76.75^bบ242ม 2550
100 0  บอกอ ปะยิ
245 10 มือใหม่หัดใช้ PowerPoint 2007/^cบอกอ ปะยิ
250    พิมพ์ครั้งที่ 1
260    กรุงเทพฯ :^bซัคเซส มีเดีย,^c2550
300    224 หน้า :^bภาพประกอบ ;^c22 ซม
650  7 power point
650  7 โปรแกรมคอมพิวเตอร์
710 1  ซัคเซส มีเดีย
945    ^p99^l0^i027694
995    ทศพร
999 ^a ทศพร
รายการนี้ยังไม่มีแท็ก
คุณยังไม่ได้ล็อกอิน คุณสามารถมีกิจกรรมร่วมกับเว็บไซต์ได้ แต่ต้องล็อกอินก่อน ::
  ล็อกอิน

รายการสื่อสารสนเทศ

ลำดับที่ ประเภท เลขเรียก/บาร์โค้ด สถานที่ สถานะ
- ไม่พบข้อมูล -

รายการใกล้เคียง
    ผู้แต่ง [บอกอ ปะยิ]

    หัวเรื่อง [power point]
    หัวเรื่อง [โปรแกรมคอมพิวเตอร์]

BibComment


ยังไม่เคยถูกคอมเมนท์

คอมเมนท์ทรัพยากรรายการนี้
  คอมเมนท์: มือใหม่หัดใช้ Pow..


 Copyright 2026. Bcnsprnw @Library